Ensayos sobre reconstrucción histórica
-д хадгалсан:
| Үндсэн зохиолч: | |
|---|---|
| Формат: | Ном |
| Хэл сонгох: | испани |
| Хэвлэсэн: |
Morelia, México
Universidad Michoacana de San Nicolás de Hidalgo
2019
|
| Хэвлэл: | 1a. ed |
| Нөхцлүүд: | |
| Онлайн хандалт: | Disponible Online - pp. 71-94 |
| Шошгууд: |
Шошго нэмэх
Шошго байхгүй, Энэхүү баримтыг шошголох эхний хүн болох!
|
MARC
| LEADER | 00000cam a2200000 a 4500 | ||
|---|---|---|---|
| 001 | UCC8207 | ||
| 003 | CL-VaPUC | ||
| 005 | 20210803001723.0 | ||
| 008 | 190607e20190000mx |||||||||||||||||spa|d | ||
| 999 | |c 374580 |d 374578 | ||
| 020 | |a 9786075420684 | ||
| 040 | |c Pontificia Universidad Católica de Valparaíso | ||
| 082 | 0 | 4 | |a 907 GOM 2019 |2 21 |
| 100 | 0 | |a Gómez Mendoza, Oriel |e author |9 602868 | |
| 245 | 1 | 0 | |a Ensayos sobre reconstrucción histórica |
| 250 | |a 1a. ed | ||
| 260 | |a Morelia, México |b Universidad Michoacana de San Nicolás de Hidalgo |c 2019 | ||
| 300 | |a 233 páginas | ||
| 583 | |a last modification |c 20190607 12:44:00 |k Rodrigo Vera | ||
| 650 | 0 | |a Cambio social |9 256857 | |
| 650 | 0 | |a Historiografía |9 257871 | |
| 650 | 0 | |a Historiografía mexicana |2 CL-VaPUC |9 458569 | |
| 650 | 0 | |a Investigación histórica |9 344844 | |
| 856 | |u http://bibliografiadigital.pucv.cl.pucv.idm.oclc.org/index.php/bibliotecapucv/catalog/book/608 |y Disponible Online - pp. 71-94 | ||
| 942 | |c BK |2 ddc | ||
| 945 | |d 20190607 12:44:00 |a dcastane | ||
| 952 | |0 0 |1 0 |3 erb |4 0 |6 907_000000000000000_GOM_2019 |7 0 |8 A |9 493191 |a BIBHIS |b BIBHIS |i 5590930 |l 1 |m 25 |o 907 GOM 2019 |p 5590930 |q 2025-07-11 |r 2023-06-06 |s 2023-06-06 |w 2019-11-24 |y BK |z Catalogado en:20190607 |k HIS | ||
| 952 | |0 0 |1 0 |3 erb |4 0 |6 907_000000000000000_GOM_2019 |7 0 |8 A |9 493192 |a BIBHIS |b BIBHIS |i 5590922 |l 1 |m 2 |o 907 GOM 2019 |p 5590922 |r 2025-01-20 |s 2023-01-25 |w 2019-11-24 |y BK |z Catalogado en:20190607 |k HIS | ||